Effective writing skills for public relations / (Record no. 344455)
[ view plain ]
| 000 -LEADER | |
|---|---|
| fixed length control field | 00735nam a2200277Ia 4500 |
| 008 - FIXED-LENGTH DATA ELEMENTS--GENERAL INFORMATION | |
| fixed length control field | 171025s9999 xx 000 0 und d |
| 020 ## - INTERNATIONAL STANDARD BOOK NUMBER | |
| International Standard Book Number | 9780749451097 |
| 050 ## - LIBRARY OF CONGRESS CALL NUMBER | |
| Classification number | 651.7 |
| 050 ## - LIBRARY OF CONGRESS CALL NUMBER | |
| Item number | F754 1998 |
| 100 ## - MAIN ENTRY--PERSONAL NAME | |
| Personal name | Foster, John |
| 245 ## - TITLE STATEMENT | |
| Title | Effective writing skills for public relations / |
| 245 ## - TITLE STATEMENT | |
| Statement of responsibility, etc | by John Foster. |
| 250 ## - EDITION STATEMENT | |
| Edition statement | Fourth edition |
| 260 ## - PUBLICATION, DISTRIBUTION, ETC. (IMPRINT) | |
| Place of publication, distribution, etc | United Kingdom : |
| 260 ## - PUBLICATION, DISTRIBUTION, ETC. (IMPRINT) | |
| Name of publisher, distributor, etc | Kogan Page, |
| 260 ## - PUBLICATION, DISTRIBUTION, ETC. (IMPRINT) | |
| Date of publication, distribution, etc | 2008 |
| 300 ## - PHYSICAL DESCRIPTION | |
| Extent | xvi, 270 pages : |
| 300 ## - PHYSICAL DESCRIPTION | |
| Other physical details | illustrations ; |
| 300 ## - PHYSICAL DESCRIPTION | |
| Dimensions | 23cm. |
| 500 ## - GENERAL NOTE | |
| General note | Includes appendix and index. |
| 650 ## - SUBJECT ADDED ENTRY--TOPICAL TERM | |
| Topical term or geographic name as entry element | Business writing -- |
| 650 ## - SUBJECT ADDED ENTRY--TOPICAL TERM | |
| Topical term or geographic name as entry element | Public relations -- |
| 650 ## - SUBJECT ADDED ENTRY--TOPICAL TERM | |
| General subdivision | Handbooks, manuals, etc. |
| 650 ## - SUBJECT ADDED ENTRY--TOPICAL TERM | |
| General subdivision | Handbooks, manuals, etc. |
| 700 ## - ADDED ENTRY--PERSONAL NAME | |
| Personal name | Title. |
| Withdrawn status | Lost status | Damaged status | Home library | Current library | Date acquired | Total Checkouts | Full call number | Barcode | Date last seen | Price effective from | Koha item type |
|---|---|---|---|---|---|---|---|---|---|---|---|
| Stonyhurst Southville International School (Malarayat) | Stonyhurst Southville International School (Malarayat) | 10/25/2017 | SHS 651.7 F754 1998 | SSISM3508 | 10/25/2017 | 10/25/2017 | Books |